American Psycho Trivia - Statistics

General Stats
  • This quiz has been taken 443 times
  • The average score is 10 of 20
Answer Stats
Hint Answer % Correct
What year was the film released? 2000
92%
Who plays Patrick Bateman? Christian Bale
88%
What city the film take place in? New York City
86%
What weapon does Patrick use to kill Paul? An axe
75%
What weapon does Patrick use to kill Christie? A chainsaw
66%
How many crunches can Patrick do now? 1000
64%
What restaurant does Patrick always want reservations at? Dorsia
58%
Finish the line - "I have to return..." some video tapes
57%
What is the first musical artist/band that Patrick discusses? Huey Lewis and the News
52%
Where does Patrick work? Pierce & Pierce
42%
Who wrote the novel that the film was based on? Bret Easton Ellis
40%
What is the name of Patricks assistant/secretary? Jean
37%
What is the second musical artist/band that Patrick discusses? Phil Collins
31%
What does the ATM read that leads to Patrick shooting a lady? Feed me a stray cat
28%
Who directed the film? Marry Harron
28%
What kind of juice does Patrick claim the stains on his sheets are from? Cranapple
26%
What is the third musical artist/band that Patrick discusses? Whitney Houston
25%
Who is Patrick engaged to? Evelyn Williams
24%
What is the last name of the detective who is investigating Paul Allen's disappearance? Kimball
24%
Which of his coworkers professes his love for Patrick? Luis Carruthers
19%
No matching quizzes found
Score Distribution
Percent of People with Each Score
Percentile by Number Answered
Your Score History
You have not taken this quiz